[Event "SS Manhem GM and Elo tournaments 2017"]
[Site "Mölnlycke kulturhus, Bibliot"]
[Date "2017.08.12"]
[Round "1.6"]
[White "Orci, Istvan"]
[Black "Möller, Mikael"]
[Result "0-1"]
[WhiteElo "1561"]
[BlackElo "1948"]
[PlyCount "74"]
[EventDate "2017.08.12"]

1. d4 f5 2. g3 Nf6 3. Bg2 e6 4. Nf3 Be7 5. c4 O-O 6. Nc3 d6 7. O-O Qe8 8. b3
Nbd7 9. Bb2 Qh5 10. h3 Ne4 11. Nd2 Nxd2 12. Qxd2 Nf6 13. e3 c6 14. Qd1 Qg6 15.
Ne2 Bd8 16. Nf4 Qh6 17. Nd3 Bc7 18. f4 Ne4 19. Bxe4 fxe4 20. Nf2 e5 21. Kg2
exf4 22. exf4 Qg6 23. Ng4 h5 24. Ne3 d5 25. Kh2 h4 26. Qe1 Qe6 27. Ng4 dxc4 28.
bxc4 Qxc4 29. Rc1 Qxa2 30. Rb1 Bf5 31. Qc3 Ba5 32. Qa3 hxg3+ 33. Qxg3 Bxg4 34.
Qxg4 Rf7 35. Kh1 Qd5 36. Qg2 e3 37. Rbc1 e2 0-1

[Event "SS Manhem GM and Elo tournaments 2017"]
[Site "Mölnlycke kulturhus, Bibliot"]
[Date "2017.08.12"]
[Round "1.7"]
[White "Holmgren, Björn"]
[Black "Bengtsson, Jonas"]
[Result "0-1"]
[WhiteElo "2023"]
[BlackElo "2082"]
[PlyCount "72"]
[EventDate "2017.08.12"]

1. e4 c5 2. Nf3 e6 3. b4 cxb4 4. a3 d5 5. e5 Nc6 6. axb4 Bxb4 7. c3 Ba5 8. d4
Nge7 9. Bd3 h6 10. O-O O-O 11. Bc2 f5 12. exf6 Rxf6 13. Qd3 Ng6 14. h4 Bc7 15.
h5 Nf8 16. Re1 Qe8 17. g4 Qf7 18. Nbd2 Rf4 19. Ba3 Rxg4+ 20. Kf1 Ne7 21. Re5
Nf5 22. Rae1 Rf4 23. c4 Bxe5 24. Rxe5 Nd7 25. cxd5 Nxe5 26. Nxe5 Qxh5 27. d6
Qh1+ 28. Ke2 Rxd4 29. Qc3 Qh5+ 30. Ndf3 Rf4 31. Bxf5 Qxf5 32. Bb2 b6 33. d7
Bxd7 34. Nxd7 Qb5+ 35. Ke3 Rxf3+ 36. Kxf3 Qxd7 0-1

[Event "SS Manhem GM and Elo tournaments 2017"]
[Site "Mölnlycke kulturhus, Bibliot"]
[Date "2017.08.12"]
[Round "1.8"]
[White "Bjureblad, Martin"]
[Black "Svensson, Anders"]
[Result "1/2-1/2"]
[WhiteElo "1607"]
[BlackElo "1726"]
[PlyCount "75"]
[EventDate "2017.08.12"]

1. e4 c5 2. Nf3 Nc6 3. Nc3 g6 4. Bc4 Bg7 5. O-O Nf6 6. d3 O-O 7. h3 d6 8. a3 a6
9. Be3 Rb8 10. Qd2 Re8 11. Bg5 b5 12. Ba2 b4 13. axb4 Rxb4 14. Nd1 Nd7 15. c3
Rb8 16. Qf4 Rf8 17. Bc4 Nde5 18. Nxe5 Nxe5 19. Qh4 Bf6 20. Bxf6 exf6 21. f4
Nxc4 22. dxc4 Bb7 23. f5 g5 24. Qg4 Re8 25. Re1 Qb6 26. h4 h6 27. hxg5 hxg5 28.
Ra3 Kg7 29. Re3 Rh8 30. b3 Rh4 31. Qf3 Rbh8 32. Nf2 Qd8 33. b4 Qe8 34. bxc5
dxc5 35. Rb3 Qe5 36. g3 Bxe4 37. Rxe4 Rxe4 38. Nxe4 1/2-1/2

[Event "SS Manhem GM and Elo tournaments 2017"]
[Site "Mölnlycke kulturhus, Bibliot"]
[Date "2017.08.12"]
[Round "1.9"]
[White "Johansson, Eva"]
[Black "Degerfeldt, Sven"]
[Result "1/2-1/2"]
[WhiteElo "1924"]
[BlackElo "1950"]
[PlyCount "67"]
[EventDate "2017.08.12"]

1. d4 d5 2. c4 e6 3. Nf3 Nf6 4. g3 c6 5. Bg2 Bd6 6. Qc2 Nbd7 7. O-O O-O 8. Nbd2
Qe7 9. e4 Nxe4 10. Nxe4 dxe4 11. Qxe4 Re8 12. Bg5 f6 13. Be3 Nf8 14. Qc2 Bd7
15. Nd2 f5 16. f4 Rad8 17. Rfe1 Qf6 18. Rad1 Rc8 19. c5 Bc7 20. Nc4 b5 21. Ne5
Bb8 22. Rd3 Red8 23. Bf2 Be8 24. Qb3 Bxe5 25. dxe5 Rxd3 26. Qxd3 Rd8 27. Qb3
Qe7 28. Rd1 Rxd1+ 29. Qxd1 Qd7 30. Qd6 Ng6 31. Bf3 Ne7 32. Bh5 g6 33. Bf3 a6
34. Kf1 1/2-1/2

[Event "SS Manhem GM and Elo tournaments 2017"]
[Site "Mölnlycke kulturhus, Bibliot"]
[Date "2017.08.12"]
[Round "1.10"]
[White "Hattab, Hashim"]
[Black "Wesslén, Ulf"]
[Result "0-1"]
[WhiteElo "1885"]
[BlackElo "1947"]
[PlyCount "87"]
[EventDate "2017.08.12"]

1. d4 Nf6 2. c4 e6 3. Nc3 c5 4. d5 exd5 5. cxd5 d6 6. h3 g6 7. Nf3 Bg7 8. Bf4
O-O 9. e3 Na6 10. Be2 Nc7 11. O-O a6 12. a4 Qe7 13. Qb3 Rb8 14. Qb6 Rd8 15.
Rfd1 Nce8 16. a5 Nd7 17. Qb3 b5 18. axb6 Rxb6 19. Qa2 Bb7 20. Nd2 Rb4 21. Nc4
Rb8 22. Bg3 Ne5 23. Na5 Ba8 24. Rab1 Qc7 25. f4 Nd7 26. Be1 Nb6 27. Bf3 Qe7 28.
Bf2 Bxc3 29. bxc3 Ra4 30. Qxa4 Nxa4 31. Rxb8 Kg7 32. Rxa8 Nc7 33. c4 Nxa8 34.
Nc6 Qb7 35. e4 Nc3 36. Re1 Qb3 37. e5 Qxc4 38. e6 fxe6 39. dxe6 Nc7 40. e7 Ne8
41. Nd8 d5 42. Ne6+ Kf6 43. Bxc5 Ne4 44. Nd8 0-1

[Event "SS Manhem GM and Elo tournaments 2017"]
[Site "Mölnlycke kulturhus, Bibliot"]
[Date "2017.08.13"]
[Round "2.6"]
[White "Bengtsson, Jonas"]
[Black "Bjureblad, Martin"]
[Result "1-0"]
[WhiteElo "2082"]
[BlackElo "1607"]
[PlyCount "61"]
[EventDate "2017.08.12"]

1. d4 d5 2. c4 e6 3. Nc3 Nf6 4. cxd5 Nxd5 5. e4 Nxc3 6. bxc3 c5 7. a3 Be7 8.
Nf3 O-O 9. Be2 b6 10. O-O Bb7 11. Bd3 Nd7 12. Bf4 Nf6 13. Qe2 cxd4 14. cxd4 Nh5
15. Be3 Nf6 16. Bf4 Nh5 17. Bd2 Nf6 18. Rfd1 a6 19. a4 Qd7 20. Bc3 Rfc8 21. Bb2
Ne8 22. Ne5 Qd8 23. d5 exd5 24. exd5 Bf6 25. Bxh7+ Kf8 26. d6 Bxe5 27. Qxe5 f6
28. Qe6 Nxd6 29. Rxd6 Qxd6 30. Qxd6+ Kf7 31. Qd7+ 1-0

[Event "SS Manhem GM and Elo tournaments 2017"]
[Site "Mölnlycke kulturhus, Bibliot"]
[Date "2017.08.13"]
[Round "2.7"]
[White "Möller, Mikael"]
[Black "Wesslén, Ulf"]
[Result "1-0"]
[WhiteElo "1948"]
[BlackElo "1947"]
[PlyCount "93"]
[EventDate "2017.08.12"]

1. e4 c5 2. Nf3 Nc6 3. d3 g6 4. g3 Bg7 5. Bg2 Nf6 6. O-O O-O 7. Re1 d5 8. Nbd2
e6 9. c3 Qc7 10. e5 Nd7 11. d4 b6 12. Nf1 Bb7 13. Bf4 h6 14. Qd2 Kh7 15. h4
Rae8 16. N1h2 Qd8 17. Ng4 h5 18. Bg5 hxg4 19. Bxd8 gxf3 20. Bxb6 fxg2 21. Bc7
cxd4 22. cxd4 Bh6 23. Qd3 Rc8 24. Bd6 Rfe8 25. h5 Rg8 26. Kxg2 Kh8 27. hxg6
Rxg6 28. Rh1 Kg7 29. Rh4 Bg5 30. Rh5 f5 31. Rah1 Bh6 32. Qb5 Ba8 33. R5h4 f4
34. Qd3 fxg3 35. fxg3 Ncxe5 36. dxe5 d4+ 37. Kh2 Bxh1 38. Kxh1 Be3 39. Kg2 Rc1
40. Rh1 Rxh1 41. Kxh1 Rxg3 42. Qa6 Kh6 43. Bb4 Rg1+ 44. Kh2 Rg6 45. Qc8 Bf4+
46. Kh3 Nxe5 47. Qf8+ 1-0

[Event "SS Manhem GM and Elo tournaments 2017"]
[Site "Mölnlycke kulturhus, Bibliot"]
[Date "2017.08.13"]
[Round "2.8"]
[White "Svensson, Anders"]
[Black "Johansson, Eva"]
[Result "1/2-1/2"]
[WhiteElo "1726"]
[BlackElo "1924"]
[PlyCount "60"]
[EventDate "2017.08.12"]

1. e4 d6 2. d4 Nf6 3. Nc3 g6 4. f4 Bg7 5. Nf3 c5 6. dxc5 Qa5 7. Qd4 dxc5 8. Qc4
O-O 9. Qb5 Nc6 10. Be3 Qxb5 11. Bxb5 Nb4 12. Ba4 b6 13. a3 Na6 14. h3 Bb7 15.
e5 Nd5 16. Bd2 Nac7 17. O-O Rad8 18. Bb3 Nxc3 19. Bxc3 Nb5 20. Be1 Nd4 21. Nxd4
Rxd4 22. Bc3 Rdd8 23. Rad1 e6 24. Bc4 Be4 25. Bd3 Bxd3 26. Rxd3 Rxd3 27. cxd3
Rd8 28. Rd1 Bf8 29. Kf1 h6 30. Ke2 Be7 1/2-1/2

[Event "SS Manhem GM and Elo tournaments 2017"]
[Site "Mölnlycke kulturhus, Bibliot"]
[Date "2017.08.13"]
[Round "2.9"]
[White "Degerfeldt, Sven"]
[Black "Hattab, Hashim"]
[Result "1/2-1/2"]
[WhiteElo "1950"]
[BlackElo "1885"]
[PlyCount "97"]
[EventDate "2017.08.12"]

1. d4 d6 2. e4 Nf6 3. Nc3 g6 4. f4 Bg7 5. Nf3 O-O 6. Bd3 Na6 7. O-O c5 8. Bxa6
cxd4 9. Qxd4 bxa6 10. h3 Bb7 11. Qd3 a5 12. Be3 a6 13. Bd4 Rc8 14. Rad1 Qc7 15.
Qe3 Ba8 16. Rfe1 Rfe8 17. e5 dxe5 18. Bxe5 Qb7 19. b3 a4 20. Rd3 axb3 21. axb3
Qc6 22. Re2 Qb7 23. Kh2 Red8 24. Red2 Rxd3 25. Qxd3 h6 26. Qd4 Kh7 27. Re2 Ne8
28. Qe3 Nf6 29. Rf2 Qc6 30. Rd2 Nh5 31. Bxg7 Nxg7 32. Ne2 Nf5 33. Qf2 Qc7 34.
Ne5 Kg7 35. c4 Rd8 36. Rxd8 Qxd8 37. Ng3 Nh4 38. Ne2 Nxg2 39. Nd4 Qc7 40. c5
Bd5 41. b4 f6 42. Qxg2 fxe5 43. Qxd5 exd4 44. Qxd4+ Kf7 45. Kg2 Qc6+ 46. Kg3 h5
47. Qc4+ Kf6 48. Qd4+ Kf7 49. Qc4+ 1/2-1/2

[Event "SS Manhem GM and Elo tournaments 2017"]
[Site "Mölnlycke kulturhus, Bibliot"]
[Date "2017.08.13"]
[Round "2.10"]
[White "Orci, Istvan"]
[Black "Holmgren, Björn"]
[Result "0-1"]
[WhiteElo "1561"]
[BlackElo "2023"]
[PlyCount "65"]
[EventDate "2017.08.12"]

1. d4 Nf6 2. Bf4 g6 3. Nc3 Bg7 4. e4 O-O 5. Qd2 c5 6. d5 Qa5 7. O-O-O b5 8. e5
b4 9. exf6 bxc3 10. Qxc3 Qxc3 11. bxc3 Bxf6 12. Kd2 d6 13. Bb5 Nd7 14. Nf3 Nb6
15. Bc6 Ba6 16. Bxa8 Rxa8 17. Bg5 Nc4+ 18. Ke1 Bxc3+ 19. Bd2 Nxd2 20. Nxd2 Rb8
21. f3 Rb2 22. Rc1 Rxa2 23. Kd1 f5 24. Re1 Kf7 25. Re3 Bd4 26. Rb3 c4 27. Rb8
Bb2 28. Rb1 c3 29. Nb3 Bc4 30. Nc1 Ra5 31. Nd3 Rxd5 32. R8xb2 Bxd3 33. Rb3 0-1

[Event "SS Manhem GM and Elo tournaments 2017"]
[Site "Mölnlycke kulturhus, Bibliot"]
[Date "2017.08.13"]
[Round "3.6"]
[White "Johansson, Eva"]
[Black "Bengtsson, Jonas"]
[Result "0-1"]
[WhiteElo "1924"]
[BlackElo "2082"]
[PlyCount "98"]
[EventDate "2017.08.12"]

1. d4 Nf6 2. c4 e6 3. Nf3 b6 4. g3 Ba6 5. b3 Bb7 6. Bg2 Bb4+ 7. Bd2 a5 8. O-O
O-O 9. Bg5 a4 10. Nbd2 h6 11. Bxf6 Qxf6 12. Qc2 c5 13. dxc5 Bxc5 14. Rad1 d5
15. cxd5 Bxd5 16. Ne4 Qg6 17. Nh4 Qh7 18. Qd3 Be7 19. Qe3 g5 20. Nc3 Bc5 21.
Nxd5 exd5 22. Qc3 gxh4 23. Rxd5 Na6 24. g4 axb3 25. axb3 Rae8 26. Qc4 Nb4 27.
Rh5 Qg7 28. Rxh4 Re5 29. Kh1 Rfe8 30. Bf3 Qf6 31. Rh3 Rd8 32. Qc1 Kg7 33. Rg3
Nc6 34. e3 Nb4 35. Bg2 Qe6 36. Qc3 Rd3 37. Qa1 Kh7 38. g5 Rxg5 39. Rf3 Rg6 40.
Rf4 Nd5 41. Rh4 Qf6 42. Qa4 Rxg2 43. Kxg2 Nxe3+ 44. fxe3 Rd2+ 45. Kg3 Qxf1 46.
Qe4+ f5 47. Qb7+ Kg8 48. Qc8+ Bf8 49. Qe6+ Kh7 0-1

[Event "SS Manhem GM and Elo tournaments 2017"]
[Site "Mölnlycke kulturhus, Bibliot"]
[Date "2017.08.13"]
[Round "3.7"]
[White "Holmgren, Björn"]
[Black "Möller, Mikael"]
[Result "1-0"]
[WhiteElo "2023"]
[BlackElo "1948"]
[PlyCount "69"]
[EventDate "2017.08.12"]

1. e4 c5 2. Nf3 e6 3. b4 cxb4 4. a3 d5 5. e5 Nc6 6. axb4 Bxb4 7. c3 Be7 8. d4
Bd7 9. Bd3 a6 10. O-O Na5 11. Re1 Nc4 12. g3 b5 13. h4 h5 14. Ng5 g6 15. Qf3
Nh6 16. Nxf7 Nxf7 17. Bxg6 Bc6 18. Qxf7+ Kd7 19. Bg5 Qf8 20. Bxh5 Qxf7 21. Bxf7
Bxg5 22. hxg5 Rh7 23. g6 Rg7 24. Kg2 a5 25. Rh1 Ke7 26. g4 Be8 27. Rh8 Rd8 28.
Bxe8 Rxe8 29. Rh7 Rxh7 30. gxh7 Rh8 31. Na3 Nxa3 32. Rxa3 a4 33. Ra1 Kd7 34.
Rh1 Kc6 35. g5 1-0

[Event "SS Manhem GM and Elo tournaments 2017"]
[Site "Mölnlycke kulturhus, Bibliot"]
[Date "2017.08.13"]
[Round "3.8"]
[White "Wesslén, Ulf"]
[Black "Degerfeldt, Sven"]
[Result "1-0"]
[WhiteElo "1947"]
[BlackElo "1950"]
[PlyCount "129"]
[EventDate "2017.08.12"]

1. e4 c5 2. Nf3 d6 3. d4 cxd4 4. Nxd4 Nf6 5. Nc3 a6 6. Bg5 e6 7. f4 Be7 8. Qf3
Qc7 9. O-O-O Nbd7 10. g4 b5 11. Bxf6 gxf6 12. Bg2 Bb7 13. Rhe1 O-O-O 14. Kb1
Kb8 15. Qe3 Nb6 16. Rd3 Rc8 17. Qe2 b4 18. Nd1 d5 19. Rf1 Rhd8 20. e5 fxe5 21.
fxe5 Bc5 22. Nb3 Qe7 23. Na5 Rd7 24. Rh3 Qg5 25. Rf6 Nc4 26. Nxb7 Rxb7 27. Rh5
Qg8 28. Rfh6 Bd4 29. Rxh7 Bxe5 30. Ne3 Nxe3 31. Qxe3 Bd6 32. h3 Qg6 33. Qf2 Bc5
34. Qf4+ Ka7 35. Bf1 Qxc2+ 36. Kxc2 Be3+ 37. Qc4 dxc4 38. Re5 Bd4 39. Re4 e5
40. Bg2 Rbc7 41. Rh6 b3+ 42. Kb1 bxa2+ 43. Kxa2 Rb8 44. Re2 c3 45. bxc3 Rc5 46.
Rb2 Rxb2+ 47. Kxb2 Rxc3 48. Kb1 Re3 49. Bd5 f6 50. h4 Kb6 51. Rxf6+ Kc5 52. Bg8
a5 53. h5 e4 54. Rf8 Rf3 55. Rc8+ Kd6 56. Rd8+ Ke5 57. Rd5+ Kf4 58. Rxd4 Ke3
59. Ra4 Rf1+ 60. Kc2 Rf2+ 61. Kc3 Rf8 62. Bd5 Rc8+ 63. Rc4 Rxc4+ 64. Kxc4 Kf4
65. Bxe4 1-0

[Event "SS Manhem GM and Elo tournaments 2017"]
[Site "Mölnlycke kulturhus, Bibliot"]
[Date "2017.08.13"]
[Round "3.9"]
[White "Hattab, Hashim"]
[Black "Svensson, Anders"]
[Result "1-0"]
[WhiteElo "1885"]
[BlackElo "1726"]
[PlyCount "69"]
[EventDate "2017.08.12"]

1. d4 d5 2. c4 e6 3. Nc3 Nf6 4. Nf3 c5 5. e3 Nc6 6. cxd5 Nxd5 7. e4 Nxc3 8.
bxc3 cxd4 9. cxd4 Bb4+ 10. Bd2 Qa5 11. a3 Bxd2+ 12. Qxd2 Qxd2+ 13. Kxd2 O-O 14.
Rb1 Rd8 15. Ke3 b6 16. Bb5 Bb7 17. Bxc6 Bxc6 18. Rhc1 Rac8 19. Rc3 f5 20. Rbc1
fxe4 21. Ng5 Bd7 22. Kxe4 h6 23. Nf3 Rxc3 24. Rxc3 Be8 25. Ne5 Rd5 26. g4 Kf8
27. f4 Rb5 28. f5 exf5+ 29. gxf5 a5 30. d5 Rb2 31. d6 Rxh2 32. Rc8 Re2+ 33. Kd5
Rxe5+ 34. Kxe5 Kf7 35. Rc7+ 1-0

[Event "SS Manhem GM and Elo tournaments 2017"]
[Site "Mölnlycke kulturhus, Bibliot"]
[Date "2017.08.13"]
[Round "3.10"]
[White "Bjureblad, Martin"]
[Black "Orci, Istvan"]
[Result "1/2-1/2"]
[WhiteElo "1607"]
[BlackElo "1561"]
[PlyCount "85"]
[EventDate "2017.08.12"]

1. e4 d6 2. Nc3 e5 3. Bc4 Nf6 4. h3 Nc6 5. a3 Be7 6. d3 h6 7. f4 exf4 8. Bxf4
O-O 9. g4 g5 10. Be3 Ne5 11. Bb3 c6 12. Nf3 Nxf3+ 13. Qxf3 Be6 14. O-O-O Bxb3
15. cxb3 Nh7 16. h4 gxh4 17. Bxh6 Bg5+ 18. Bxg5 Qxg5+ 19. Kb1 Nf6 20. Rdg1 Kg7
21. Qf5 Nh7 22. Rh3 Rh8 23. Rgh1 Qxf5 24. gxf5 Ng5 25. Rxh4 Rxh4 26. Rxh4 Rh8
27. Rxh8 Kxh8 28. Ne2 Kg7 29. Kc2 Kf6 30. Kc3 Ke5 31. Ng3 d5 32. exd5 Kxd5 33.
b4 Ke5 34. a4 Kf4 35. Ne2+ Kxf5 36. b5 cxb5 37. axb5 Ne6 38. Nd4+ Nxd4 39. Kxd4
Ke6 40. b4 f5 41. Kc5 b6+ 42. Kc6 f4 43. d4 1/2-1/2

[Event "SS Manhem GM and Elo tournaments 2017"]
[Site "Mölnlycke kulturhus, Bibliot"]
[Date "2017.08.14"]
[Round "4.6"]
[White "Bengtsson, Jonas"]
[Black "Hattab, Hashim"]
[Result "1-0"]
[WhiteElo "2082"]
[BlackElo "1885"]
[PlyCount "61"]
[EventDate "2017.08.12"]

1. d4 Nf6 2. c4 g6 3. Nc3 Bg7 4. e4 d6 5. Nf3 O-O 6. Be2 e5 7. O-O Nc6 8. d5
Ne7 9. b4 Nh5 10. Re1 Nf4 11. Bf1 f5 12. Bxf4 exf4 13. e5 dxe5 14. Nxe5 g5 15.
Rc1 a5 16. a3 axb4 17. axb4 Ra6 18. c5 Rh6 19. Bc4 Kh8 20. d6 cxd6 21. Nf7+
Rxf7 22. Bxf7 g4 23. Nd5 Be5 24. cxd6 Nc6 25. Ne7 g3 26. Rxe5 gxf2+ 27. Kxf2
Rxd6 28. Rd5 Qb6+ 29. Kf1 Rh6 30. Rxc6 bxc6 31. Qa1+ 1-0

[Event "SS Manhem GM and Elo tournaments 2017"]
[Site "Mölnlycke kulturhus, Bibliot"]
[Date "2017.08.14"]
[Round "4.7"]
[White "Holmgren, Björn"]
[Black "Bjureblad, Martin"]
[Result "1-0"]
[WhiteElo "2023"]
[BlackElo "1607"]
[PlyCount "69"]
[EventDate "2017.08.12"]

1. e4 c5 2. Nf3 Nc6 3. d4 cxd4 4. Nxd4 e5 5. Nb3 Be7 6. c4 Nf6 7. Nc3 O-O 8.
Bd3 Nb4 9. O-O b6 10. Be3 Bb7 11. f3 Rc8 12. Rc1 Nxd3 13. Qxd3 d6 14. Rfd1 Bc6
15. Nd2 h6 16. Nf1 Nh7 17. Ng3 Bd7 18. b3 Nf6 19. Rc2 Rc7 20. Kh1 Qc8 21. a4
Qb7 22. Qd2 Kh7 23. Qf2 Rb8 24. Rcd2 g6 25. h3 a6 26. f4 Bc6 27. Rxd6 Bxd6 28.
Rxd6 Ne8 29. fxe5 Nxd6 30. exd6 Rd7 31. Qf4 Kg8 32. Bd4 Kh7 33. Nf5 g5 34. Qe5
Rg8 35. Qf6 1-0

[Event "SS Manhem GM and Elo tournaments 2017"]
[Site "Mölnlycke kulturhus, Bibliot"]
[Date "2017.08.14"]
[Round "4.8"]
[White "Möller, Mikael"]
[Black "Degerfeldt, Sven"]
[Result "1-0"]
[WhiteElo "1948"]
[BlackElo "1950"]
[PlyCount "77"]
[EventDate "2017.08.12"]

1. e4 c5 2. Nf3 d6 3. d3 Nc6 4. g3 g6 5. Bg2 Bg7 6. O-O e6 7. Re1 Nge7 8. c3 d5
9. e5 Qc7 10. Qe2 a6 11. Nbd2 Bd7 12. Nf1 b5 13. Bf4 h5 14. Ng5 Nf5 15. Nd2
Nce7 16. Ndf3 Bc6 17. h3 Qd7 18. Qd2 Bb7 19. d4 c4 20. Bf1 Nc6 21. Be2 Bf8 22.
g4 hxg4 23. hxg4 Nh6 24. Nh2 O-O-O 25. b3 Re8 26. Bf3 Ne7 27. a4 cxb3 28. axb5
Qxb5 29. Be2 Qb6 30. Reb1 Nc6 31. Bd1 Na5 32. Bxb3 Nxb3 33. Qa2 Re7 34. Rxb3
Qc6 35. Qb2 Rc7 36. Rb1 Be7 37. Rb6 Qd7 38. Rxa6 Rc6 39. Ra8+ 1-0

[Event "SS Manhem GM and Elo tournaments 2017"]
[Site "Mölnlycke kulturhus, Bibliot"]
[Date "2017.08.14"]
[Round "4.9"]
[White "Svensson, Anders"]
[Black "Wesslén, Ulf"]
[Result "1/2-1/2"]
[WhiteElo "1726"]
[BlackElo "1947"]
[PlyCount "62"]
[EventDate "2017.08.12"]

1. e4 e6 2. d4 d5 3. Nd2 Nf6 4. e5 Nfd7 5. Bd3 c5 6. c3 Nc6 7. Ngf3 Qb6 8. O-O
cxd4 9. cxd4 Nxd4 10. Nxd4 Qxd4 11. Nf3 Qb6 12. Qa4 a6 13. Be3 Bc5 14. Bxc5
Qxc5 15. Rac1 Qe7 16. Rc7 Qd8 17. Rfc1 O-O 18. Qd4 b6 19. b4 f6 20. Qh4 f5 21.
Qg3 a5 22. Nd4 Qe8 23. R1c6 Qg6 24. Nxe6 Qxg3 25. hxg3 Nxe5 26. Rxg7+ Kh8 27.
Rcc7 Rf7 28. Rgxf7 Nxf7 29. Bxf5 Nd6 30. Rxh7+ Kg8 31. Rg7+ Kh8 1/2-1/2

[Event "SS Manhem GM and Elo tournaments 2017"]
[Site "Mölnlycke kulturhus, Bibliot"]
[Date "2017.08.14"]
[Round "4.10"]
[White "Orci, Istvan"]
[Black "Johansson, Eva"]
[Result "0-1"]
[WhiteElo "1561"]
[BlackElo "1924"]
[PlyCount "108"]
[EventDate "2017.08.12"]

1. d4 d5 2. Bf4 Nf6 3. e3 e6 4. Bd3 c5 5. c3 Be7 6. h3 Nc6 7. Nf3 cxd4 8. exd4
Bd7 9. O-O Rc8 10. Nbd2 a6 11. a4 Na5 12. Nb3 Nc4 13. Bxc4 dxc4 14. Nbd2 Bc6
15. Ne5 Bd5 16. Qe2 Bd6 17. Bg5 Qc7 18. Bxf6 gxf6 19. Ng4 Ke7 20. Ne3 Qc6 21.
Nxd5+ Qxd5 22. Qe4 Qc6 23. Qxc6 Rxc6 24. Rfe1 Bf4 25. Re2 Rd8 26. g3 Bb8 27.
Rae1 Rd5 28. Re3 Ra5 29. b4 cxb3 30. Nxb3 Rxa4 31. d5 Rd6 32. dxe6 Ba7 33. R3e2
Rxe6 34. Rxe6+ fxe6 35. Kf1 Ra2 36. Re2 Rxe2 37. Kxe2 Kd6 38. f3 b5 39. Kd3 Bb6
40. g4 a5 41. Nd2 Kd5 42. c4+ bxc4+ 43. Nxc4 Bd8 44. f4 a4 45. g5 fxg5 46. fxg5
e5 47. Ne3+ Ke6 48. h4 a3 49. Kc2 e4 50. Kb3 Be7 51. Nc2 Bc5 52. Kc4 Bf8 53.
Kd4 Kf5 54. Ne3+ Kf4 {time forfeit} 0-1

[Event "SS Manhem GM and Elo tournaments 2017"]
[Site "Mölnlycke kulturhus, Bibliot"]
[Date "2017.08.15"]
[Round "5.6"]
[White "Wesslén, Ulf"]
[Black "Bengtsson, Jonas"]
[Result "0-1"]
[WhiteElo "1947"]
[BlackElo "2082"]
[PlyCount "74"]
[EventDate "2017.08.12"]

1. d4 Nf6 2. c4 e6 3. Nc3 Bb4 4. Qc2 Nc6 5. Nf3 d6 6. Bg5 h6 7. Bxf6 Qxf6 8. g3
O-O 9. a3 Bxc3+ 10. Qxc3 e5 11. d5 Nd4 12. Nd2 Bf5 13. Rc1 Bg6 14. Bg2 h5 15.
e3 Nf5 16. O-O Qe7 17. Rce1 h4 18. b4 hxg3 19. hxg3 Qg5 20. Nf3 Qh5 21. e4 Ne7
22. Nh4 f5 23. Bf3 Qg5 24. Kg2 f4 25. c5 Bh7 26. Rh1 Qf6 27. Bg4 g5 28. Nf3 Bg6
29. Rh6 Kg7 30. Reh1 Ng8 31. Rh8 Bxe4 32. R1h5 Rf7 33. Be6 g4 34. R8h7+ Bxh7
35. Ng5 f3+ 36. Kg1 Bg6 37. Bxf7 Bxh5 0-1

[Event "SS Manhem GM and Elo tournaments 2017"]
[Site "Mölnlycke kulturhus, Bibliot"]
[Date "2017.08.15"]
[Round "5.7"]
[White "Johansson, Eva"]
[Black "Holmgren, Björn"]
[Result "0-1"]
[WhiteElo "1924"]
[BlackElo "2023"]
[PlyCount "72"]
[EventDate "2017.08.12"]

1. d4 Nf6 2. c4 d6 3. Nf3 g6 4. Nc3 Bg7 5. e4 O-O 6. Be2 c5 7. O-O cxd4 8. Nxd4
Nc6 9. Be3 Nxd4 10. Bxd4 Be6 11. b3 Qa5 12. Nd5 Bxd5 13. exd5 e5 14. dxe6 fxe6
15. Bf3 e5 16. Bb2 e4 17. Be2 Rad8 18. Qc2 Rfe8 19. Bd4 b6 20. Rad1 h5 21. Qd2
Qf5 22. Qc3 Kh7 23. a4 d5 24. c5 bxc5 25. Qxc5 Nd7 26. Qc3 Ne5 27. b4 Rc8 28.
Qg3 Rc2 29. Bb5 Re7 30. Qb3 Nf3+ 31. Kh1 Nxd4 32. Rxd4 Rxf2 33. Rxf2 Qxf2 34.
Rd1 e3 35. Qb1 e2 36. Re1 Bc3 0-1

[Event "SS Manhem GM and Elo tournaments 2017"]
[Site "Mölnlycke kulturhus, Bibliot"]
[Date "2017.08.15"]
[Round "5.8"]
[White "Bjureblad, Martin"]
[Black "Möller, Mikael"]
[Result "0-1"]
[WhiteElo "1607"]
[BlackElo "1948"]
[PlyCount "62"]
[EventDate "2017.08.12"]

1. e4 c5 2. Nf3 Nc6 3. Bc4 Nf6 4. d3 g6 5. a3 d6 6. h3 Bg7 7. c3 O-O 8. O-O d5
9. exd5 Nxd5 10. Re1 Bf5 11. Nh4 Be6 12. Bxd5 Qxd5 13. Nf3 Rad8 14. Be3 Bf5 15.
Qa4 Bxd3 16. Qh4 e5 17. Bh6 f6 18. Bxg7 Kxg7 19. Nbd2 Rd7 20. b4 c4 21. a4 b6
22. Kh2 h6 23. Qg3 Ne7 24. Kg1 Nf5 25. Qh2 Rfd8 26. g4 Nd6 27. Re3 Ne4 28. Nxe4
Bxe4 29. Qg3 Bxf3 30. Rxf3 Qe4 31. Re3 Rd1+ 0-1

[Event "SS Manhem GM and Elo tournaments 2017"]
[Site "Mölnlycke kulturhus, Bibliot"]
[Date "2017.08.15"]
[Round "5.9"]
[White "Hattab, Hashim"]
[Black "Orci, Istvan"]
[Result "1-0"]
[WhiteElo "1885"]
[BlackElo "1561"]
[PlyCount "36"]
[EventDate "2017.08.12"]

1. d4 d5 2. c4 e6 3. Nc3 Be7 4. Nf3 Nf6 5. e3 O-O 6. Bd3 dxc4 7. Bxc4 Nbd7 8.
O-O Nb6 9. Bd3 c5 10. dxc5 Bxc5 11. e4 Re8 12. e5 Nfd5 13. Bxh7+ Kxh7 14. Ng5+
Kg8 15. Qh5 Qc7 16. Nce4 Bd4 17. Nd6 Nf6 18. exf6 Bxf6 1-0

[Event "SS Manhem GM and Elo tournaments 2017"]
[Site "Mölnlycke kulturhus, Bibliot"]
[Date "2017.08.15"]
[Round "5.10"]
[White "Degerfeldt, Sven"]
[Black "Svensson, Anders"]
[Result "1-0"]
[WhiteElo "1950"]
[BlackElo "1726"]
[PlyCount "159"]
[EventDate "2017.08.12"]

1. d4 Nf6 2. c4 g6 3. Nc3 Bg7 4. e4 d6 5. h3 O-O 6. Be3 e5 7. d5 a5 8. g3 Na6
9. Bg2 Nc5 10. Nge2 Bd7 11. O-O a4 12. Qd2 Qe8 13. g4 b5 14. cxb5 Bxb5 15. Nxb5
Qxb5 16. Bxc5 Qxc5 17. Rac1 Qb6 18. Rc6 Qb7 19. Rfc1 Rfb8 20. Rxc7 Qb5 21. R1c2
Bf8 22. Qe3 Rb7 23. R7c6 Nd7 24. Nc1 Nc5 25. Bf1 Qa5 26. Nd3 Rab8 27. Nxc5 dxc5
28. Ra6 Qd8 29. Qc3 Qe8 30. Bc4 Rb6 31. Ra7 R6b7 32. Rxb7 Rxb7 33. Rd2 Bd6 34.
Re2 Qd8 35. Kg2 Qb6 36. a3 Qa7 37. f4 Qb8 38. f5 g5 39. f6 h6 40. Rf2 Kh8 41.
Qd2 Qg8 42. Be2 Qg6 43. Rf5 Kh7 44. Bd1 Ra7 45. Qe2 Ra5 46. Qc4 Qg8 47. Bxa4
Qb8 48. b3 Qb6 49. Rf2 Qa6 50. Rc2 Qxc4 51. Rxc4 Kg6 52. Kf2 Kxf6 53. Ke2 Ra8
54. Rc3 Kg6 55. Kd2 Kf6 56. Rf3+ Kg6 57. Kc3 f6 58. Kc4 Ra5 59. Be8+ Kg7 60. b4
cxb4 61. axb4 Ra8 62. Bd7 Kf7 63. Rb3 Ke7 64. Bc6 Ra7 65. b5 Ra4+ 66. Kd3 Rb4
67. Rxb4 Bxb4 68. Kc4 Ba5 69. Kc5 Kd8 70. d6 Kc8 71. b6 Bc3 72. b7+ Kb8 73. Kd5
Ba5 74. Ke6 Bd8 75. Kd7 Ba5 76. Ke7 Bb4 77. Ke6 Bc5 78. d7 Bb6 79. Ke7 Bc5+ 80.
Ke8 1-0

[Event "SS Manhem GM and Elo tournaments 2017"]
[Site "Mölnlycke kulturhus, Bibliot"]
[Date "2017.08.16"]
[Round "6.6"]
[White "Bengtsson, Jonas"]
[Black "Degerfeldt, Sven"]
[Result "1/2-1/2"]
[WhiteElo "2082"]
[BlackElo "1950"]
[PlyCount "107"]
[EventDate "2017.08.12"]

1. d4 d5 2. c4 c6 3. Nf3 Nf6 4. Nc3 e6 5. e3 Nbd7 6. Bd3 Be7 7. O-O O-O 8. e4
dxe4 9. Nxe4 Nxe4 10. Bxe4 Bf6 11. Qc2 g6 12. Bh6 Re8 13. Rad1 Qc7 14. h4 Bg7
15. Bxg7 Kxg7 16. Qc3 f6 17. c5 Nf8 18. Bc2 Bd7 19. Rfe1 Rad8 20. Re3 Bc8 21.
Bb3 Re7 22. Rde1 b6 23. Nd2 bxc5 24. dxc5 Qf4 25. Ne4 Qe5 26. Qxe5 fxe5 27. Ba4
Rc7 28. Nd6 Nd7 29. b4 a5 30. a3 axb4 31. axb4 Nf6 32. Rxe5 Nd5 33. Nxc8 Rdxc8
34. Rxe6 Nxb4 35. Re7+ Kh6 36. g4 Nd3 37. Bd1 Rxe7 38. Rxe7 g5 39. Bc2 Rd8 40.
Re6+ Kg7 41. Bxd3 Rxd3 42. hxg5 Rd5 43. f4 Rxc5 44. Kf2 Rc1 45. f5 c5 46. Re7+
Kg8 47. f6 c4 48. Rg7+ Kh8 49. g6 hxg6 50. Rxg6 Rd1 51. Rh6+ Kg8 52. Rh3 Rd2+
53. Ke1 Rg2 54. Kd1 1/2-1/2